When do family ties matter?: (Record no. 507788)

000 -LEADER
fixed length control field 01634nam a2200169 4500
008 - FIXED-LENGTH DATA ELEMENTS--GENERAL INFORMATION
fixed length control field 190225b ||||| |||| 00| 0 eng d
100 ## - MAIN ENTRY--PERSONAL NAME
Personal name Baturo, Alexander
245 ## - TITLE STATEMENT
Title When do family ties matter?:
Remainder of title the duration of female suffrage and women's path to high political office
260 ## - PUBLICATION, DISTRIBUTION, ETC. (IMPRINT)
Date of publication, distribution, etc 2018
300 ## - PHYSICAL DESCRIPTION
Extent p.695-709.
520 ## - SUMMARY, ETC.
Summary, etc While the percentage of female heads of state in the world has increased to around 10 percent in the 2010s, a female president or prime minister still remains an exception. Recent scholarship has proposed a number of explanations behind this phenomenon, but there exist important gaps. The contribution of this paper is threefold. First, we use new and comprehensive data to undertake a systematic examination of the differences in the personal, education, and career backgrounds between female and male effective political leaders from 1960 to 2010. We find that female leaders are as qualified as men. Second, because the phenomenon of female leadership is still a rare occurrence, we argue that this fact must be accounted for in empirical modeling. Third, we show that many female leaders tend to acquire the necessary resources, support, and name recognition through political dynasties. To that end, women leaders need to rely on family ties more than men do. However, the importance of such connections attenuates when female suffrage has been in place for longer, and citizens are more open to women in politics. Reproduced.
650 ## - SUBJECT ADDED ENTRY--TOPICAL TERM
Topical term or geographic name as entry element Gender and politics
9 (RLIN) 2498
700 ## - ADDED ENTRY--PERSONAL NAME
Personal name Gray, Julia
9 (RLIN) 2499
773 ## - HOST ITEM ENTRY
Main entry heading Political Research Quarterly
906 ## - LOCAL DATA ELEMENT F, LDF (RLIN)
Subject DIP Women
942 ## - ADDED ENTRY ELEMENTS (KOHA)
Source of classification or shelving scheme
Item type Articles
Holdings
Withdrawn status Lost status Source of classification or shelving scheme Damaged status Not for loan Permanent location Current location Date acquired Serial Enumeration / chronology Barcode Date last seen Koha item type
          Indian Institute of Public Administration Indian Institute of Public Administration 2019-02-25 71(3), Sep, 2018: p.695-709. AR119021 2019-02-25 Articles

Powered by Koha